Annual survey of industries. (Record no. 693436)

MARC details
000 -LEADER
fixed length control field 00790nam a2200241Ia 4500
003 - CONTROL NUMBER IDENTIFIER
control field OSt
005 - DATE AND TIME OF LATEST TRANSACTION
control field 20220927105620.0
008 - FIXED-LENGTH DATA ELEMENTS--GENERAL INFORMATION
fixed length control field 220926b |||||||| |||| 00| 0 eng d
037 ## - SOURCE OF ACQUISITION
Terms of availability Reference Collections
040 ## - CATALOGING SOURCE
Original cataloging agency RTL
Transcribing agency RTL
Language of cataloging eng
041 ## - LANGUAGE CODE
Source of code eng
Language code of text/sound track or separate title eng
110 ## - MAIN ENTRY--CORPORATE NAME
Corporate name or jurisdiction name as entry element "INDIA, LABOUR AND EMPLOYMENT (M/o-) LABOUR BUREAU"
9 (RLIN) 373721
245 #0 - TITLE STATEMENT
Title Annual survey of industries.
260 ## - PUBLICATION, DISTRIBUTION, ETC.
Place of publication, distribution, etc. "Shimla,"
Name of publisher, distributor, etc. "Govt. Press, "
490 ## - SERIES STATEMENT
Volume/sequential designation 01493327- 2007-08: V1: Statistics on employment and labour cost. (303p)
700 ## - ADDED ENTRY--PERSONAL NAME
Personal name "INDIA, LABOUR AND EMPLOYMENT (M/o-) LABOUR BUREAU"
9 (RLIN) 373722
942 ## - ADDED ENTRY ELEMENTS (KOHA)
Classification part "X9.2sP08<-P07, GD"
Koha item type
Holdings
Withdrawn status Lost status Damaged status Not for loan Home library Current library Date acquired Serial Enumeration / chronology Total Checkouts Full call number Barcode Date last seen Price effective from Koha item type
        Ratan Tata Library Ratan Tata Library 2022-09-27 01493327- 2007-08: V1: Statistics on employment and labour cost. (303p)   "X9.2sP08<-P07 GD" RT1493328 2022-09-27 2022-09-27  
Copyright @ Delhi University Library System